Szczegóły MARC21

Elementy logiki dla prawników /

003 -Nazwa inst., której nr kontr. jest w polu 001 [,]
    • @
    • Nazwa instytucji, której n kontrolny jest w polu 001
    • NUKAT
005 -DATA I CZAS OSTATNIEJ MODYFIKACJI [,]
    • @
    • pole kontrolne
    • 20241231094508.0
020 -Międzynarod. znormalizowany nr książki - ISBN [ , ]
    • a
    • Numer ISBN
    • 8387148326 Find
040 -Instytucja sporządzająca opis [ , ]
    • a
    • Instytucja, która sporządziła opis (NP)
    • Ł U/BM
    • c
    • Instytucja, która sporządziła rekord (NP)
    • Ł U/BM
    • d
    • Instytucja, która zmodyfikowała rekord (P)
    • Ł U/AG
    • d
    • Instytucja, która zmodyfikowała rekord (P)
    • TOR U/ENs
942 -Rodzaj dokumentu [ , ]
    • c
    • Rodzaj dokumentu
    • Książka
100 -Hasło główne - nazwa osobowa [1, ]
    • a
    • Nazwa osobowa (NP)
    • Patryas, Wojciech
    • d
    • Daty biograficzne (NP)
    • (1949- ).
    • 9
    • KHW
    • 418596
245 -Strefa tytułu i oznaczenia odpowiedzialności [1,0]
    • a
    • Tytuł
    • Elementy logiki dla prawników / Find
    • c
    • Pozostałe elementy strefy tytułu i oznaczenia odpowiedzialności (NP)
    • Wojciech Patryas.
250 -Strefa wydania [ , ]
    • a
    • Oznaczenie wydania (NP)
    • Wyd. 2, popr.
260 -Strefa adresu wydawniczego [ , ]
    • a
    • Miejsce wydania (P)
    • Poznań :
    • b
    • Nazwa wydawcy (P)
    • "Ars boni et aequi",
    • c
    • Data wydania (P)
    • [2002].
300 -Strefa opisu fizycznego [ , ]
    • a
    • Określenie formy książki i/lub objętość (NP)
    • 217 s. :
    • b
    • Oznaczenie ilustracji (NP)
    • wykr. ;
    • c
    • Format (NP)
    • 21 cm.
336 -Typ zawartości [ , ]
    • a
    • Termin opisujący typ zawartości
    • Tekst
    • b
    • Kod określający zawartość
    • txt
    • 2
    • Źródło (terminu i kodu)
    • rdacontent
337 -Typ mediów [ , ]
    • a
    • Tryb odtwarzania
    • Bez urządzenia pośredniczącego
    • b
    • Kod typu mediów
    • n
    • 2
    • Źródło (terminu i kodu)
    • rdamedia
338 -Typ/rodzaj nośnika [ , ]
    • a
    • Hasło opisujące typ nośnika
    • Wolumin
    • b
    • Kod typu nośnika
    • nc
    • 2
    • Źródło (terminu i kodu)
    • rdacarrier
650 -Hasło przedmiotowe [ ,7]
    • a
    • Hasło przedmiotowe
    • Logika
    • v
    • Określnik formalny
    • podręczniki akademickie.
    • 2
    • Źródło terminu
    • kaba
    • 9
    • KHW
    • 351233
920 -ISBN [ , ]
    • a
    • ISBN
    • 83-87148-32-6 Find
Numer inwentarzowy Data inwentaryzacji Sygnatura Lokalizacja Status udost.
SA.257972021-11-03SA.25797BSA1
SAM.18582022-10-21SAM.1858BSA-3
SAM.18592022-10-21SAM.1859BSA-3
SAM.18572022-10-21SAM.1857BSA-3
SAM.18552022-10-21SAM.1855BSA-3
SAM.18542022-10-21SAM.1854BSA-3
SAM.18562022-10-21SAM.1856BSA-3
SAM.19132022-11-30SAM.1913BSA-3
SAM.19142022-11-30SAM.1914BSA-3
SAM.19152022-11-30SAM.1915BSA-3
SAM.20662024-02-05SAM.2066BSA-3